Vacuum Technology / (Record no. 3499)
[ view plain ]
| 000 -LEADER | |
|---|---|
| fixed length control field | 00760nac a22002051u 4500 |
| 008 - FIXED-LENGTH DATA ELEMENTS--GENERAL INFORMATION | |
| fixed length control field | 100905t xxu||||| |||| 00| 0 eng d |
| 010 ## - LIBRARY OF CONGRESS CONTROL NUMBER | |
| LC control number | 63020631 |
| 035 ## - SYSTEM CONTROL NUMBER | |
| System control number | (OCoLC)563204 |
| 082 ## - DEWEY DECIMAL CLASSIFICATION NUMBER | |
| Classification number | 621.55 |
| Item number | GUT |
| 100 ## - MAIN ENTRY--PERSONAL NAME | |
| Personal name | Guthrie, Andrew, |
| 9 (RLIN) | 17849 |
| 245 10 - TITLE STATEMENT | |
| Title | Vacuum Technology / |
| Statement of responsibility, etc | Andrew Guthrie |
| 260 ## - PUBLICATION, DISTRIBUTION, ETC. (IMPRINT) | |
| Place of publication, distribution, etc | New York, |
| Name of publisher, distributor, etc | Wiley, |
| Date of publication, distribution, etc | [c1963] |
| 300 ## - PHYSICAL DESCRIPTION | |
| Extent | xii, 532 p. : |
| Other physical details | ill., diagrs. ; |
| Dimensions | 24 cm. |
| 500 ## - GENERAL NOTE | |
| General note | Donations. |
| 500 ## - GENERAL NOTE | |
| General note | Donations - Bibliotheca Alexandrina. |
| 504 ## - BIBLIOGRAPHY, ETC. NOTE | |
| Bibliography, etc | Bibliography: p. 515-522. |
| 650 #0 - SUBJECT ADDED ENTRY--TOPICAL TERM | |
| Topical term or geographic name as entry element | Vacuum technology. |
| 9 (RLIN) | 17850 |
| 942 ## - ADDED ENTRY ELEMENTS (KOHA) | |
| Item type | Book - Borrowing |
| Call number prefix | 621.55GUT |
| Source of classification or shelving scheme | Dewey Decimal Classification |
| Withdrawn status | Item status | Source of classification or shelving scheme | Damaged status | Not for loan | Vendor | Home library | Current library | Shelving location | Date acquired | Source of acquisition | Total Checkouts | Full call number | Barcode | Date last seen | Koha item type |
|---|---|---|---|---|---|---|---|---|---|---|---|---|---|---|---|
| Dewey Decimal Classification | Central Library | Central Library | First floor | 05/09/2010 | 621.55 GUT | 000030380 | 15/07/2025 | Book - Borrowing |